Desafios da prática antropológica : (Registro nro. 10325)

Detalles MARC
000 -LIDER
fixed length control field 00791nam a22002297a 4500
001 - NÚMERO DE CONTROL
Identificador de número de control 00005862
003 - IDENTIFICACDOR DE NÚMERO DE CONTROL
control field DO-SdBNP
005 - DATE AND TIME OF LATEST TRANSACTION
control field 20180122111407.0
007 - CAMPOS FIJOS DE DESCRIPCIÓN FÍSICA
fixed length control field 00005862
008 - ELEMENTOS DE LONGITUD FIJA
fixed length control field 160609b 2011 sp xxu||||| |||| 00| 0 spa d
020 ## - ISBN
International Standard Book Number 9788579831393
040 ## - FUENTE DE CATALOGACIÓN
Agencia que crea de manera original el registro BPMSU
Idioma de catalogación spa
Agencia que realiza la transcripción BPMSU
092 ## - LOCALLY ASSIGNED DEWEY DECIMAL CALL NUMBER
Número de clasificación xxxxx
Número de ítem (Cutter) xxxxx
245 00 - MENCIÓN DE TITULO
Título Desafios da prática antropológica :
Subtítulo relatos, pesquisas e reflexoes contemporâneas /
Mención de responsabilidad organizador ; Andreas Hofbauer
260 ## - PUBLICACIÓN, DISTRIBUCIÓN, ETC. (PIE DE IMPRENTA)
Lugar de publicación, distribución, etc Maríalia :
Nombre del editor, distribuidor, etc. Oficina Universitária ; [São Paulo] : Cultura Acadêmica,
Fecha de publicación, distribución, etc 2011.
300 ## - DESCRIPCIÓN FÍSICA
Extensión 131 p. :
Otros detalles físicos il. ;
Dimensiones 23 cm.
500 ## - NOTA GENERAL
Nota general Incluye referencias bibliográficas : p. 128-130
700 1# - ASIENTO SECUNDARIO -- NOMBRE PERSONAL
Nombre personal Hofbauer, Andreas
942 ## - ADDED ENTRY ELEMENTS (KOHA)
Source of classification or shelving scheme Dewey Decimal Classification
Koha item type Libros
945 ## - INFORMACIÓN DE PROCESAMIENTO LOCAL
Información de procesamiento local inventariado, 2018 / dg
956 ## - LOCAL ELECTRONIC LOCATION AND ACCESS (OCLC)
Método de acceso LOPEREZ
Materiales especificados 10
Enlace 20160609
Campo enlazado y núm. de secuencia BPMSU
Nombre de host 00041
Existencias
Withdrawn status Lost status Source of classification or shelving scheme Damaged status Not for loan Home library Current library Date acquired Source of acquisition Total Checkouts Barcode Date last seen Copy number Price effective from Koha item type
    Dewey Decimal Classification     Biblioteca Pública Metropolitana Salomé Ureña Biblioteca Pública Metropolitana Salomé Ureña 06/09/2016 Biblioteca Nacional Pedro Henríquez Ureña   BPMSU16060117 06/09/2016 Ej. 1 06/09/2016 Libros